000 00387 a2200169 4500
001 185520
020 _a978-85-16-09581-9
040 _cMagnum
100 _aCarrasco, Walcyr
240 1 0 _aO menino que trocou a sombra
_lpor
245 1 0 _aO menino que trocou a sombra
300 _a39
362 0 _a2014
440 1 _aModerna
697 _aLITERATURA INFANTO-JUVENIL
942 _cBK
999 _c185520
_d185520